000 00313nam a22001217a 4500
008 181105b xxu||||| |||| 00| 0 eng d
041 _aeng
080 _a616.073
100 _a6
101 _arad
245 _aThe Development Rdiotion Protection In Diagnostic Radiology
_cBushong.S.C
942 _2udc
_cBK
999 _c51881
_d51881